Historia de la civilización contemporánea /
Guardado en:
| Autor Principal: | |
|---|---|
| Formato: | Libro |
| Publicado: |
Francia :
Bouret,
1899
|
| Edición: | 3a. ed. |
| Materias: | |
| Etiquetas: |
Agregar Etiqueta
Sin Etiquetas, Sea el primero en etiquetar este registro!
|
| LEADER | 00456nam a22001695a 4500 | ||
|---|---|---|---|
| 001 | CEM.cems005928 | ||
| 005 | 20060214000000.0 | ||
| 008 | 130507s1899##################000#0#####d | ||
| 003 | CEMS | ||
| 082 | 0 | 4 | |a 940.2 |
| 100 | 1 | |a Seignobos, Ch. | |
| 245 | 1 | 0 | |a Historia de la civilización contemporánea / |
| 250 | |a 3a. ed. | ||
| 260 | |a Francia : |b Bouret, |c 1899 | ||
| 300 | |a 430 p. | ||
| 653 | |a Historia | ||
| 859 | |a CEMS |b BIB. CEMS - 11 de abril |h 940.2 |i Se42a3 |p 9160.81 |t Ej.1 | ||
